[Event "AUS-ch U18"]
[Site "Gold Coast"]
[Date "2020.01.23"]
[Round "6"]
[White "Yang, Oliver"]
[Black "Agadzhanian, Griroriy"]
[Result "1-0"]
[WhiteElo "1565"]
[BlackElo "1448"]
[PlyCount "45"]
[EventDate "2020.01.18"]
[EventType "swiss"]
[EventRounds "9"]
[EventCountry "AUS"]
[SourceTitle "EXT 2021"]
[Source "ChessBase"]
[SourceDate "2020.10.23"]
[SourceVersion "1"]
[SourceVersionDate "2020.10.23"]
[SourceQuality "1"]

1. e4 c5 2. Nf3 d6 3. d4 cxd4 4. Nxd4 Nf6 5. Nc3 g6 6. Bg5 Bg7 7. f4 0-0 8. Qd2 Nc6 9. Nxc6 bxc6 10. Bd3 Qb6 11. f5 Ng4 12. h3 Qxb2 13. hxg4 Qxa1+ 14. Nd1 e6 15. c3 Bxc3 16. Qxc3 Qxc3+ 17. Nxc3 exf5 18. gxf5 Re8 19. Kf2 gxf5 20. exf5 d5 21. f6 Re4 22. Nxe4 Bf5 23. Nc5 1-0

[Event "AUS-ch U18"]
[Site "Gold Coast"]
[Date "2020.01.18"]
[Round "1"]
[White "Agadzhanian, Griroriy"]
[Black "Wang, Jason2222"]
[Result "1/2-1/2"]
[WhiteElo "1448"]
[BlackElo "1806"]
[PlyCount "63"]
[EventDate "2020.01.18"]
[EventType "swiss"]
[EventRounds "9"]
[EventCountry "AUS"]
[SourceTitle "EXT 2021"]
[Source "ChessBase"]
[SourceDate "2020.10.23"]
[SourceVersion "1"]
[SourceVersionDate "2020.10.23"]
[SourceQuality "1"]

1. d4 Nf6 2. Nf3 e6 3. e3 b6 4. Bd3 Bb7 5. 0-0 Be7 6. b3 0-0 7. Bb2 d5 8. Nbd2 Nbd7 9. Ne5 Rc8 10. f4 Ne4 11. Rf3 f5 12. Rh3 Nxd2 13. Qxd2 Nxe5 14. fxe5 Qe8 15. Qe2 g5 16. g4 Kg7 17. Rf1 Rd8 18. gxf5 exf5 19. Bxf5 Rxf5 20. Rxf5 Bc8 21. Qd3 Bxf5 22. Qxf5 Qg6 23. Qxg6+ Kxg6 24. Rf3 b5 25. Bc3 Ra8 26. Ba5 Rc8 27. Bd2 Ra8 28. Kg2 h5 29. Kg3 Rb8 30. Be1 Rb6 31. c3 Ra6 32. Rf2 1/2-1/2